00501nam a2200145 a 450000100100000000500170001000800410002704000250006808200160009310000240010924501470013326000330028030000210031370000210033400003678020200930075930.0120131s1987 mx 000 0 spa d aDO-SdBNPbspacBNPHU axxxxbF855s1 aFreeman, Richard B.13aEl sindicalismo en los Estados Unidos :b¿ayudan o perjudican los Sindicatos a la clase trabajadora? /cRichard B. Freeman y James L. Medoff. aNueva York :bEdamex,c1987. a361 p. ;c20 cm.1 aMedoff, James L.